The literary thing : (Record no. 82292)
[ view plain ]
| 000 -LEADER | |
|---|---|
| fixed length control field | 01844nam a22002297a 4500 |
| 005 - DATE AND TIME OF LATEST TRANSACTION | |
| control field | 20140424104307.0 |
| 010 ## - LCCN (DPL NO) | |
| LC control number | ENG-109236 |
| 020 ## - INTERNATIONAL STANDARD BOOK NUMBER | |
| Terms of availability | 995.00 |
| International Standard Book Number | 9780198089667 |
| 020 ## - INTERNATIONAL STANDARD BOOK NUMBER | |
| Terms of availability | 995.00 |
| International Standard Book Number | 019808966x |
| 035 ## - SYSTEM CONTROL NUMBER | |
| System control number | EN-92769 |
| 037 ## - SOURCE OF ACQUISITION | |
| Source of stock number/acquisition | DBAD/PUB |
| 082 ## - DEWEY DECIMAL CLASSIFICATION NUMBER | |
| Classification number | 891.4409 |
| 100 ## - MAIN ENTRY--PERSONAL NAME | |
| Personal name | Chaudhury, Rosinka |
| 245 ## - TITLE STATEMENT | |
| Title | The literary thing : |
| Statement of responsibility, etc | by Rosinka Chaudhury |
| Remainder of title | history, poetry and the making of a modern culture sphere / |
| 260 ## - PUBLICATION, DISTRIBUTION, ETC. (IMPRINT) | |
| Name of publisher, distributor, etc | Oxford University Press |
| Date of publication, distribution, etc | 2014 |
| Place of publication, distribution, etc | New Delhi |
| 270 ## - ADDRESS | |
| City | New Delhi |
| Postal code | 110001 |
| Address | YMCA Library Building, 1 Jai Singh Road |
| 300 ## - PHYSICAL DESCRIPTION | |
| Extent | lxvi,332p. |
| Dimensions | 22cm(Hb) |
| 500 ## - GENERAL NOTE | |
| General note | Includes index |
| 505 ## - FORMATTED CONTENTS NOTE | |
| Formatted contents note | Disjunctions, Conjunctions - Reading Iswarchandra Gupta (1812-1859) - Poet of the Present: The Material Object in the World of Iswar Gupta - 'Another Wonder of the Nineteenth Century': Rangalal Bandyopadhyay (1827-1887) - Event, Anecdote, Iconicity: The Legend of Michael Madhusudan Datta - Michael Madhusudan Datta and the Marxist Understanding of the 'Real Renaissance' in Bengal - Hemchandra's 'Bharat sangit' (1870) and the Politics of Poetry: A Pre-History of Hindu Nationalism in Bengal - Cutlets or Fish Curry?: Debating Indian Authenticity - History in Poetry: Nabinchandra Sen's Palasir yuddha (1875) and the Question of Truth - The Curious Case of Nabinchandra Sen and the Textbook Committee: An Investigation into Hindu/Muslim Representations - Rabindranath's Early Style and Reconstruction of the Past. |
| 520 ## - SUMMARY, ETC. | |
| Summary, etc | Mapping a fifty-year period that is fundamental to any understanding of nineteenth-century Bengal - 1831 to 1881, this book focuses on literary debates generated around the works of Iswarchandra Gupta, Rangalal Bandyopadhyay, Madhusudan Datta, Hemchandra Bandyopadhyay, Nabinchandra Sen, and Rabindranath Tagore. |
| 942 ## - ADDED ENTRY ELEMENTS (KOHA) | |
| Source of classification or shelving scheme | Dewey Decimal Classification |
| Item type | English Books |
| Call number suffix | CHA |
| Classification part | 891.4409 |
| Withdrawn status | Lost status | Not for loan | Collection code | Home library | Current library | Date acquired | Source of acquisition | Cost, normal purchase price | Full call number | Barcode | Copy number | Cost, replacement price | Koha item type |
|---|---|---|---|---|---|---|---|---|---|---|---|---|---|
| Not For Loan | Non-fiction | D.B.Act.Division | D.B.Act.Division | 31/01/2014 | DBAD/PUB | 995.00 | 891.4409 CHA | EN-92769 | 1 | 995.00 | English Books |
